| 000 | 00373cam a2200145ua 4500 | ||
|---|---|---|---|
| 041 |
_aeng _h |
||
| 082 |
_a624.17 _bHOL/EX |
||
| 100 | _aHoles, K A . | ||
| 245 |
_aExperimental strength of materials / _cK A Holes. _hTextual Documents |
||
| 260 |
_aLondon : _bEnglish Universities Press , _c1962. |
||
| 300 | _a170 ; . | ||
| 504 | _a | ||
| 942 | _cBK | ||
| 999 |
_c10425 _d10425 |
||